000 00261nam a2200097Ia 4500
001 686723
005 20250826161542.0
008 250824s9999 xx 000 0 und d
245 0 _aMEMLEKETİMDEN İNSAN MANZARALARI
_cNAZIM HİKMET
260 _bYAPI KREDİ YAYINLARI
999 _c686723
_d686723